The tax system in India could reform spur growth? /

Bibliographic Details
Main Author: Poirson, Helene.
Corporate Authors: International Monetary Fund. Asia and Pacific Dept., ProQuest (Firm)
Format: Electronic eBook
Language:English
Published: [Washington, D.C.] : International Monetary Fund, Asia and Pacific Dept., 2006.
Series:IMF working paper ; WP/06/93.
Subjects:
Online Access:Click to View
LEADER 01359nam a2200349Ia 4500
001 EBC3014437
003 MiAaPQ
005 20200520144314.0
006 m o d |
007 cr cn|||||||||
008 060616s2006 dcua sb i000 0 eng d
035 |a (MiAaPQ)EBC3014437 
035 |a (Au-PeEL)EBL3014437 
035 |a (CaPaEBR)ebr10380814 
035 |a (OCoLC)694141087 
040 |a MiAaPQ  |c MiAaPQ  |d MiAaPQ 
050 4 |a KNS2790  |b .P65 2006 
100 1 |a Poirson, Helene. 
245 1 4 |a The tax system in India  |h [electronic resource] :  |b could reform spur growth? /  |c Helene Poirson. 
260 |a [Washington, D.C.] :  |b International Monetary Fund, Asia and Pacific Dept.,  |c 2006. 
300 |a 22 p. :  |b ill. 
490 1 |a IMF working paper ;  |v WP/06/93 
500 |a "April 2006." 
504 |a Includes bibliographical references. 
533 |a Electronic reproduction. Ann Arbor, MI : ProQuest, 2015. Available via World Wide Web. Access may be limited to ProQuest affiliated libraries. 
650 0 |a Taxation  |x Law and legislation  |z India. 
650 0 |a Taxation  |z India. 
655 4 |a Electronic books. 
710 2 |a International Monetary Fund.  |b Asia and Pacific Dept. 
710 2 |a ProQuest (Firm) 
830 0 |a IMF working paper ;  |v WP/06/93. 
856 4 0 |u https://ebookcentral.proquest.com/lib/matrademy/detail.action?docID=3014437  |z Click to View